[Event "XXVII OOM - Mistrzostwa Polski Juniorow Mlodszych - Chlopcy do lat 14"]
[Site "ApartHotel Termy Uniejow, ul. Termalna 1, 99-210 Uniejow"]
[Date "1899-12-30"]
[Round "3.17"]
[White "Kutowski, Marcel"]
[Black "Duda, Szymon"]
[Result "1/2-1/2"]
[WhiteTitle "I"]
[BlackTitle "I"]
[WhiteElo "1712"]
[BlackElo "1413"]

1. e4 c5 2. Nf3 Nc6 3. d4 cxd4 4. Nxd4 Nf6 5. Nc3 e6 6. Nxc6 bxc6 7. e5 Nd5 8.
Ne4 Qc7 9. f4 Bb7 10. c4 Nb6 11. Qd3 c5 12. Be2 Rd8 13. Be3 d5 14. exd6 Bxd6 15.
Nxd6+ Rxd6 16. Qa3 Nd7 17. O-O O-O 18. Rad1 Ra6 19. Qd3 Nf6 20. a3 Be4 21. Qc3
Bf5 22. Qe5 Qxe5 23. fxe5 Ne4 24. Bf3 h6 25. Rd7 Ng5 26. Bb7 Ra5 27. h4 Nh7 28.
Bc6 f6 29. Bb5 Rb8 30. Bd2 Raxb5 31. cxb5 Rxb5 32. Bc3 a6 33. Rd8+ Kf7 34. Rfd1
fxe5 35. R1d7+ Kg6 36. Rg8 Nf6 37. Rdxg7+ Kh5 38. Rh8 Bg6 39. Bxe5 Ng4 40. Bc3
c4 41. Rf8 Rd5 42. Rf4 Rd1+ 43. Rf1 Rd3 44. Rc7 Be4 45. Rxc4 Bxg2 46. Rff4 Bh3
47. Rc5+ e5 48. Rxe5+ Nxe5 49. Bxe5 Rd5 50. Bc3 Rd6 51. Kf2 Bd7 52. Ke3 Kg6 53.
Ke4 Bb5 54. Ke5 Rd7 55. Rd4 Rxd4 56. Kxd4 Kf5 57. Kc5 h5 58. b3 Ke6 59. a4 Be2
60. Kb6 Kd7 61. Kb7 Bd1 62. Kxa6 Bxb3 63. a5 Kc8 64. Be5 Bd5 65. Kb6 Bf3 1/2-1/2

[Event "XXVII OOM - Mistrzostwa Polski Juniorow Mlodszych - Chlopcy do lat 14"]
[Site "ApartHotel Termy Uniejow, ul. Termalna 1, 99-210 Uniejow"]
[Date "1899-12-30"]
[Round "3.18"]
[White "Partyka, Wiktor"]
[Black "Wydmanski, Szymon"]
[Result "0-1"]
[WhiteTitle "II"]
[BlackTitle "I"]
[WhiteElo "1254"]
[BlackElo "1697"]

1. c4 e5 2. Nc3 Nf6 3. g3 d5 4. cxd5 Nxd5 5. Bg2 Nb6 6. Nf3 Nc6 7. d3 Be7 8. O-O
O-O 9. Be3 Re8 10. Qd2 Bf8 11. Rac1 a6 12. a3 Nd4 13. Bxd4 exd4 14. Na2 a5 15.
Rc2 Be6 16. Nc1 c5 17. e4 dxe3 18. fxe3 c4 19. d4 Bf5 20. Rc3 Nd5 21. Ne5 Rxe5
22. dxe5 Nxc3 23. Qxc3 Be6 24. Ne2 Qc7 25. Nf4 Ra6 26. Rc1 b5 27. Qd4 Bc5 28.
Qe4 Bf5 29. Nd5 Bxe4 30. Nxc7 Bxe3+ 31. Kh1 Bxg2+ 32. Kxg2 Bxc1 33. Nxa6 Bxb2
34. Nc7 c3 35. e6 fxe6 36. Nxe6 c2 37. Nf4 c1=Q 0-1

[Event "XXVII OOM - Mistrzostwa Polski Juniorow Mlodszych - Chlopcy do lat 14"]
[Site "ApartHotel Termy Uniejow, ul. Termalna 1, 99-210 Uniejow"]
[Date "1899-12-30"]
[Round "3.19"]
[White "Malinowski, Szymon"]
[Black "Pieczulis, Hubert"]
[Result "1/2-1/2"]
[WhiteTitle "I"]
[BlackTitle "I"]
[WhiteElo "1662"]
[BlackElo "1445"]

1. d4 f5 2. Nf3 Nf6 3. Bf4 e6 4. e3 Be7 5. Bd3 O-O 6. Nbd2 d5 7. Qe2 Ne4 8. O-O-O
c5 9. c3 Qa5 10. Kb1 c4 11. Bxe4 fxe4 12. Ne5 Nd7 13. f3 Nxe5 14. Bxe5 b5 15.
fxe4 b4 16. cxb4 Qxb4 17. Rhf1 c3 18. Nb3 cxb2 19. Rxf8+ Bxf8 20. Rf1 a5 21. Nc5
Bxc5 22. Qf3 Ra7 23. dxc5 Qxe4+ 24. Qxe4 dxe4 25. Bd6 Rf7 26. Rxf7 Kxf7 27. c6
g6 28. Be5 Ke7 29. Kxb2 Ba6 30. a4 Bc4 31. Bc7 Bd5 32. Bxa5 Bxc6 33. Bb4+ Kd7
34. a5 Bb5 35. Kc3 e5 36. Bf8 Kc6 37. Kd2 Kd5 38. Ke1 Ke6 39. Kf2 Kf5 40. Kg3
Bd3 41. Kh4 h5 42. Be7 Bc4 43. h3 Ba6 44. Bd8 Bb7 45. g4+ hxg4 46. hxg4+ Ke6 47.
Kg5 Kf7 48. Bc7 Ba8 49. a6 Bd5 50. Bxe5 Ba8 51. Bd4 Bc6 52. Kf4 Ke6 53. a7 Ba8
1/2-1/2

[Event "XXVII OOM - Mistrzostwa Polski Juniorow Mlodszych - Chlopcy do lat 14"]
[Site "ApartHotel Termy Uniejow, ul. Termalna 1, 99-210 Uniejow"]
[Date "1899-12-30"]
[Round "3.20"]
[White "Jaworski, Tymon"]
[Black "Stanislawski, Karol"]
[Result "0-1"]
[WhiteTitle "I"]
[BlackTitle "I"]
[WhiteElo "1616"]
[BlackElo "1621"]

1. d4 d6 2. Nf3 f5 3. Nc3 Nf6 4. Bg5 Nbd7 5. e3 g6 6. h4 Bg7 7. Bc4 h6 8. Bf4 Nb6
9. Bb3 e6 10. Qe2 O-O 11. O-O-O a5 12. a3 Kh8 13. e4 Bd7 14. e5 Nh5 15. Bd2 d5
16. Nh2 f4 17. Qg4 Kh7 18. Ne2 Rf5 19. Nxf4 Nxf4 20. Bxf4 h5 21. Qg3 Rxf4 22.
Nf3 Bh6 23. Kb1 Rg4 24. Qh3 Qe7 25. g3 Rf8 26. Nh2 Re4 27. f4 a4 28. Ba2 c5 29.
c3 cxd4 30. cxd4 Rc8 31. Qg2 Bb5 32. Rd2 Nc4 33. Bxc4 Rxc4 34. Nf3 Re3 35. Ng5+
Bxg5 36. hxg5 Qf8 37. Ka1 Qf5 38. g4 Qe4 39. Qg1 Rxd4 40. Rdh2 Be8 41. gxh5 gxh5
42. g6+ Kg7 43. Rxh5 Bxg6 44. Rh7+ Kg8 45. R7h6 Kf7 46. Rxg6 Re1+ 47. Qxe1 Qxe1+
48. Rxe1 Kxg6 49. Rg1+ Kf5 50. Rg7 Rxf4 51. Rxb7 Kxe5 52. b4 axb3 53. Rxb3 Rc4
54. Kb2 Kd4 55. Rh3 e5 56. Kb3 e4 57. a4 e3 58. a5 e2 59. Rh1 Ke3 60. a6 Rc7 61.
Kb4 Kf2 62. Rh2+ Kf1 63. Rh1+ Kg2 64. Ra1 Kf2 65. a7 Rxa7 66. Rxa7 e1=Q+ 67. Kb5
Qe2+ 68. Kc6 Qc4+ 69. Kd6 d4 70. Ra5 Qb4+ 71. Rc5 d3 72. Kc6 Qxc5+ 73. Kxc5 d2
74. Kc4 d1=Q 75. Kc3 Qd5 76. Kb4 Qc6 77. Kb3 Ke3 78. Kb4 Kd3 79. Kb3 Qb5+ 80.
Ka2 Kc2 81. Ka3 Qb3# 0-1

[Event "XXVII OOM - Mistrzostwa Polski Juniorow Mlodszych - Chlopcy do lat 14"]
[Site "ApartHotel Termy Uniejow, ul. Termalna 1, 99-210 Uniejow"]
[Date "1899-12-30"]
[Round "3.21"]
[White "Urban, Szymon"]
[Black "Wieckowski, Michal"]
[Result "0-1"]
[WhiteTitle "II"]
[BlackTitle "I"]
[WhiteElo "1312"]
[BlackElo "1614"]

1. e4 c5 2. Nf3 d6 3. d4 cxd4 4. Nxd4 Nf6 5. Nc3 g6 6. Bc4 Bg7 7. Be3 O-O 8. O-O
Nc6 9. f4 Qb6 10. Qc1 Nxd4 11. Na4 Qc7 12. Bd3 Ng4 13. c3 Nxe3 14. cxd4 Qxc1 15.
Rfxc1 Bxd4 16. Kh1 Ng4 17. Rc4 e5 18. fxe5 dxe5 19. Be2 Nf2+ 20. Kg1 Nxe4+ 21.
Kh1 b5 22. Rxd4 exd4 23. Bxb5 Bb7 24. Kg1 Rac8 25. Bd3 f5 26. b3 Rc7 27. Bc4+
Kg7 28. Nb2 Nc3 29. a3 Re8 30. Bd3 Be4 31. Bf1 Rce7 32. Kf2 Bd5 33. b4 Re2+ 34.
Bxe2 Rxe2+ 35. Kf1 Bxg2+ 36. Kg1 Rxb2 37. Re1 Be4 38. h4 d3 39. Kf1 d2 40. Ra1
Bb1 0-1

[Event "XXVII OOM - Mistrzostwa Polski Juniorow Mlodszych - Chlopcy do lat 14"]
[Site "ApartHotel Termy Uniejow, ul. Termalna 1, 99-210 Uniejow"]
[Date "1899-12-30"]
[Round "3.22"]
[White "Kubik, Rafal"]
[Black "Borowik, Karol"]
[Result "1/2-1/2"]
[WhiteTitle "I"]
[BlackTitle "II"]
[WhiteElo "1738"]
[BlackElo "1370"]

1. e4 c5 2. c3 d5 3. exd5 Qxd5 4. d4 cxd4 5. cxd4 Nc6 6. Nf3 e6 7. Nc3 Bb4 8. Bd2
Bxc3 9. Bxc3 Nf6 10. Bd3 O-O 11. O-O b5 12. a3 Bb7 13. Qe2 a6 14. Rfd1 Rfd8 15.
Rac1 h6 16. h3 Re8 17. Bc2 Rad8 18. Qd3 Qh5 19. Qf1 Qd5 20. Re1 Ra8 21. Qd3 Rad8
22. Rcd1 Rc8 23. Bd2 Rcd8 24. Bf4 Qh5 25. Qe2 Qd5 26. Qe3 Na5 27. b3 Rc8 28. Qd3
Rc6 29. Re5 Qd8 30. Bb1 Rc8 31. b4 Nc6 32. Rc5 Qd7 33. Rdc1 Red8 34. Ne5 Qxd4
35. Nxc6 Bxc6 36. Qxd4 Rxd4 37. Rxc6 Rxc6 38. Rxc6 Rd1+ 39. Kh2 Rxb1 40. Rxa6
Nd5 41. Bd6 Ra1 42. Ra5 Ra2 43. Rxb5 Rxa3 44. Rb8+ Kh7 45. b5 Rb3 46. Bc5 Nc7
47. b6 Na6 48. Rc8 Nxc5 49. Rxc5 Rxb6 50. Kg3 g5 51. h4 Kg6 52. hxg5 hxg5 53.
f3 Rd6 54. Rc2 e5 55. Kf2 Re6 56. g4 e4 57. fxe4 Rxe4 58. Kf3 Rf4+ 59. Kg3 Rf1
60. Re2 Rg1+ 61. Kf3 Rf1+ 62. Kg3 Rf6 63. Re3 Rd6 64. Kh3 Re6 65. Ra3 f5 66. gxf5+
Kxf5 67. Kg3 Re5 68. Rb3 Rd5 69. Ra3 g4 70. Rb3 Re5 71. Ra3 Rd5 72. Rb3 1/2-1/2

[Event "XXVII OOM - Mistrzostwa Polski Juniorow Mlodszych - Chlopcy do lat 14"]
[Site "ApartHotel Termy Uniejow, ul. Termalna 1, 99-210 Uniejow"]
[Date "1899-12-30"]
[Round "3.23"]
[White "Jendrowiak, Maciej"]
[Black "Borowik, Wojciech"]
[Result "1-0"]
[WhiteTitle "II+"]
[BlackTitle "I+"]
[WhiteElo "1472"]
[BlackElo "1736"]

1. d4 Nf6 2. Nf3 g6 3. g3 Bg7 4. Bg2 O-O 5. O-O d6 6. Re1 c6 7. e4 Qc7 8. Nbd2
e5 9. dxe5 dxe5 10. b3 Rd8 11. Bb2 Nbd7 12. Qe2 b5 13. c4 a6 14. Rac1 Bb7 15.
b4 Re8 16. a3 Qd8 17. Nb3 Qe7 18. Na5 Rab8 19. c5 Red8 20. Red1 Ne8 21. Rd3 f6
22. Rcd1 Qe6 23. Qd2 Bc8 24. Nh4 Kh8 25. f4 Bh6 26. f5 Qa2 27. Qxh6 g5 28. Rxd7
Bxd7 29. Ng6+ 1-0

[Event "XXVII OOM - Mistrzostwa Polski Juniorow Mlodszych - Chlopcy do lat 14"]
[Site "ApartHotel Termy Uniejow, ul. Termalna 1, 99-210 Uniejow"]
[Date "1899-12-30"]
[Round "3.24"]
[White "Trzebinski, Patryk"]
[Black "Garwacki, Kornel"]
[Result "1-0"]
[WhiteTitle "I+"]
[BlackTitle "I"]
[WhiteElo "1609"]
[BlackElo "1478"]

1. e4 e5 2. Nf3 Nc6 3. Bc4 Nf6 4. d3 Bc5 5. Nc3 d6 6. Bg5 h6 7. Bh4 Be6 8. Nd5
Bxd5 9. Bxd5 g5 10. Bg3 Nxd5 11. exd5 Ne7 12. c4 Ng6 13. Qd2 g4 14. Ng1 f5 15.
f4 exf4 16. Bxf4 Nxf4 17. Qxf4 Bb4+ 18. Kd1 Qf6 19. Kc2 O-O-O 20. Ne2 Rde8 21.
Nd4 Re5 22. Kb3 Bc5 23. Rhf1 Rf8 24. Ne6 Re2 25. d4 Rf7 26. Rf2 Rxf2 27. Qxf2
Bb6 28. c5 dxc5 29. dxc5 Ba5 30. Ka4 b6 31. Qe2 Kd7 32. Rd1 f4 33. Qxg4 Qxb2 34.
Ng5+ Kd8 35. Nxf7+ Ke7 36. d6+ Kf8 37. Qc8+ Kxf7 38. Qf5+ Kg7 39. Qb1 Qe2 40.
Qa1+ Kg6 41. Qb1+ Kg7 42. Qb3 Qe4+ 43. Kb5 cxd6 44. cxd6 Qb7 45. Qb2+ Kf7 46.
Qc2 a6+ 47. Ka4 Qd7+ 48. Ka3 Qb5 49. Qb3+ Qxb3+ 50. axb3 b5 51. d7 Ke7 52. Rd4
Bc7 53. Kb4 h5 54. Kc5 h4 55. h3 Bd8 56. Kc6 1-0

[Event "XXVII OOM - Mistrzostwa Polski Juniorow Mlodszych - Chlopcy do lat 14"]
[Site "ApartHotel Termy Uniejow, ul. Termalna 1, 99-210 Uniejow"]
[Date "1899-12-30"]
[Round "3.25"]
[White "Miler, Franciszek"]
[Black "Turowski, Maciej"]
[Result "0-1"]
[WhiteTitle "I"]
[BlackTitle "II"]
[WhiteElo "1517"]
[BlackElo "1447"]

1. e4 d5 2. exd5 Qxd5 3. Nc3 Qd6 4. d4 Nf6 5. Nf3 a6 6. Ne5 Nc6 7. Bf4 Ng4 8. Bc4
Ngxe5 9. dxe5 Qb4 10. Qd3 g6 11. O-O-O Bf5 12. Qe2 Be6 13. Nd5 Bxd5 14. Rxd5 e6
15. a3 Qa4 16. Rd2 b5 17. Bxe6 fxe6 18. Qg4 Nd4 19. Rxd4 Qxd4 20. Qxe6+ Be7 21.
Qc6+ Kf7 22. Qf3 Kg7 23. Rd1 Qc4 24. b3 Qe6 25. Qe3 h6 26. Qc3 c5 27. Rd6 Bxd6
28. exd6+ Kh7 29. Qa5 Rhf8 30. Bg3 c4 31. Qc7+ Rf7 32. Qc6 Rc8 33. Qxa6 cxb3 0-1

[Event "XXVII OOM - Mistrzostwa Polski Juniorow Mlodszych - Chlopcy do lat 14"]
[Site "ApartHotel Termy Uniejow, ul. Termalna 1, 99-210 Uniejow"]
[Date "1899-12-30"]
[Round "3.26"]
[White "Wasilewski, Stanislaw"]
[Black "Nagly, Wojciech"]
[Result "0-1"]
[WhiteTitle "II"]
[BlackTitle "II"]
[WhiteElo "1319"]
[BlackElo "1514"]

1. Nf3 d5 2. c4 c6 3. b3 Bf5 4. Bb2 e6 5. g3 Nf6 6. Bg2 Bc5 7. O-O O-O 8. Nc3 dxc4
9. bxc4 Ng4 10. d3 Nxf2 11. Rxf2 Bxf2+ 12. Kf1 Be3 13. Qc2 Nd7 14. Nh4 Qg5 15.
Nf3 Qh5 16. Nd1 Bb6 17. h3 Bxh3 18. Nf2 Bxg2+ 19. Kxg2 Bxf2 20. Kxf2 Qf5 21. g4
Qg6 22. Rg1 Nf6 23. g5 Nd7 24. Qc3 e5 25. Nxe5 Nxe5 26. Qxe5 Rfe8 27. Qc3 b5 28.
Rg3 bxc4 29. Qxc4 Rab8 30. Qc3 Rb5 31. Qd2 Rf5+ 32. Kg2 Qe6 33. e4 Rb5 34. a4
Rb7 35. Qc3 Qg6 36. Kf3 Qh5+ 37. Kg2 Qe2+ 38. Kg1 Rxb2 39. Qc1 Qf2+ 40. Kh1 Qh2#
0-1

[Event "XXVII OOM - Mistrzostwa Polski Juniorow Mlodszych - Chlopcy do lat 14"]
[Site "ApartHotel Termy Uniejow, ul. Termalna 1, 99-210 Uniejow"]
[Date "1899-12-30"]
[Round "4.1"]
[White "Rog, Bartlomiej"]
[Black "Klimkowski, Jan"]
[Result "0-1"]
[WhiteTitle "I++"]
[BlackTitle "FM"]
[WhiteElo "1867"]
[BlackElo "2322"]

1. e4 c5 2. Nf3 d6 3. d4 cxd4 4. Nxd4 Nf6 5. Nc3 a6 6. h3 e5 7. Nde2 b5 8. Ng3
Be7 9. a4 b4 10. Nd5 Nxd5 11. Qxd5 Ra7 12. Bc4 O-O 13. Be3 Be6 14. Qd3 Rd7 15.
O-O-O Qa5 16. b3 Rc7 17. Bd5 Rfc8 18. Rd2 Rc3 19. Qe2 Bxd5 20. exd5 Rxb3 21. Qg4
Rbc3 22. Nf5 Bf6 23. Nxg7 R8c4 24. Rd4 Rxc2+ 25. Kd1 Qxa4 26. Nf5+ Kh8 27. Ke1
exd4 28. Nh6 Qa1+ 0-1

[Event "XXVII OOM - Mistrzostwa Polski Juniorow Mlodszych - Chlopcy do lat 14"]
[Site "ApartHotel Termy Uniejow, ul. Termalna 1, 99-210 Uniejow"]
[Date "1899-12-30"]
[Round "4.2"]
[White "Fiszer, Bartosz"]
[Black "Madej, Marek"]
[Result "1-0"]
[WhiteTitle "CM"]
[BlackTitle "I"]
[WhiteElo "2216"]
[BlackElo "1786"]

1. e4 c5 2. Nf3 e6 3. d4 cxd4 4. Nxd4 Nc6 5. Nc3 Qc7 6. Be2 Nf6 7. O-O Be7 8. Be3
O-O 9. f4 d6 10. Qe1 Nxd4 11. Bxd4 e5 12. Be3 b6 13. Qg3 Bb7 14. Bf3 Rad8 15.
Rad1 Bc6 16. Rd2 b5 17. Nd5 Bxd5 18. exd5 e4 19. Be2 Qa5 20. a3 Rfe8 21. c3 Nd7
22. Bd4 Bf6 23. Qe3 Bxd4 24. Rxd4 Qb6 25. Kf2 a5 26. g4 Rb8 27. g5 Nc5 28. b4
Nb3 29. bxa5 Qxa5 30. Rb4 Nd2 31. Rd1 Nc4 32. Bxc4 bxc4 33. Qxe4 Qa7+ 34. Qd4
Qxa3 35. Rxb8 Rxb8 36. Qxc4 Qb2+ 37. Kg3 Re8 38. Re1 Rb8 39. Qb4 Qxb4 40. cxb4
f5 41. gxf6 Rxb4 42. Re6 Rd4 43. Rxd6 gxf6 44. Kg4 Kf7 45. Kf5 Ke7 46. Re6+ Kd7
47. Re4 Rxd5+ 48. Kxf6 Rh5 49. Re2 Rh4 50. Kg5 Rh3 51. f5 Kd8 52. Kf6 Rh5 53.
Ke6 Ke8 54. Ra2 Kf8 55. f6 1-0

[Event "XXVII OOM - Mistrzostwa Polski Juniorow Mlodszych - Chlopcy do lat 14"]
[Site "ApartHotel Termy Uniejow, ul. Termalna 1, 99-210 Uniejow"]
[Date "1899-12-30"]
[Round "4.3"]
[White "Maslanka, Wojciech"]
[Black "Meers, Hubert"]
[Result "1/2-1/2"]
[WhiteTitle "I"]
[BlackTitle "k"]
[WhiteElo "1943"]
[BlackElo "2037"]

1. e4 c5 2. Nf3 Nc6 3. d4 cxd4 4. Nxd4 Nf6 5. Nc3 d6 6. Bg5 h6 7. Bxf6 gxf6 8.
Bb5 Bd7 9. Qd2 Nxd4 10. Bxd7+ Qxd7 11. Qxd4 Bg7 12. O-O-O O-O 13. Rd3 Rfc8 14.
Nd5 b5 15. Rg3 Kh8 16. Ne3 Qe6 17. Kb1 Qe5 18. Qxe5 fxe5 19. Nf5 Bf8 20. Rd3 Rc4
21. f3 Rd8 22. Rhd1 Rc6 23. g3 e6 24. Ne3 Rc5 25. b3 Rb8 26. Rc1 Be7 27. c4 Bg5
28. cxb5 Rxc1+ 29. Kxc1 Rxb5 30. Kb2 Bxe3 31. Rxe3 Kg7 32. a4 Rb7 33. Kc3 f5 34.
Rd3 Rd7 35. Kc4 Kf6 36. Rd2 Rc7+ 37. Kb4 Rb7+ 38. Kc4 Rc7+ 39. Kb4 1/2-1/2

[Event "XXVII OOM - Mistrzostwa Polski Juniorow Mlodszych - Chlopcy do lat 14"]
[Site "ApartHotel Termy Uniejow, ul. Termalna 1, 99-210 Uniejow"]
[Date "1899-12-30"]
[Round "4.4"]
[White "Musial, Igor"]
[Black "Kejna, Piotr"]
[Result "0-1"]
[WhiteTitle "I"]
[BlackTitle "CM"]
[WhiteElo "1903"]
[BlackElo "1682"]

1. e4 c5 2. Nf3 d6 3. d4 cxd4 4. Nxd4 Nf6 5. Nc3 a6 6. Bg5 e6 7. f4 Be7 8. Qf3
Nbd7 9. O-O-O Qc7 10. Bd3 b5 11. Rhe1 Bb7 12. Qg3 b4 13. Nd5 exd5 14. exd5 Nb6
15. Nf5 Nbxd5 16. Rxe7+ Nxe7 17. Nxg7+ Kd7 18. Bxf6 Rhf8 19. Qg4+ Kc6 20. Qg5
h6 21. Be4+ d5 22. Bxd5+ Kb6 23. Qxh6 Ng6 24. Bd4+ Ka5 25. Bxb7 Qxb7 26. Qg5+
Qb5 27. Qf6 Rac8 28. a4 Kxa4 29. b3+ Ka5 30. Qd6 Rc6 31. Qd7 Rfc8 32. Bb6+ 0-1

[Event "XXVII OOM - Mistrzostwa Polski Juniorow Mlodszych - Chlopcy do lat 14"]
[Site "ApartHotel Termy Uniejow, ul. Termalna 1, 99-210 Uniejow"]
[Date "1899-12-30"]
[Round "4.5"]
[White "Nowak, Filip"]
[Black "Malek, Jan"]
[Result "0-1"]
[WhiteTitle "I"]
[BlackTitle "I++"]
[WhiteElo "1745"]
[BlackElo "2097"]

1. e4 e5 2. Nf3 Nc6 3. Bb5 a6 4. Ba4 Nf6 5. O-O Be7 6. Re1 b5 7. Bb3 d6 8. c3 O-O
9. h3 Na5 10. Bc2 c5 11. d4 Nd7 12. Nbd2 exd4 13. cxd4 Nc6 14. Nf1 cxd4 15. Nxd4
Nxd4 16. Qxd4 Ne5 17. Rd1 Be6 18. Bb3 Qc8 19. f4 Nc6 20. Qf2 Bxb3 21. axb3 Qe6
22. Qf3 Bf6 23. f5 Qe5 24. Rd5 Qe7 25. Bf4 Rfd8 26. Rad1 Ne5 27. Qe3 Rac8 28.
Ng3 g6 29. Ne2 Rc2 30. Nd4 Rc5 31. fxg6 hxg6 32. Qg3 Rxd5 33. exd5 Re8 34. Re1
Qa7 35. Qf2 Nf3+ 36. gxf3 Rxe1+ 37. Qxe1 Qxd4+ 38. Qe3 Qxd5 39. Kg2 Bxb2 40. Qe8+
Kg7 41. Qe7 Qe6 42. Qxe6 fxe6 43. Bxd6 a5 44. Kf2 0-1

[Event "XXVII OOM - Mistrzostwa Polski Juniorow Mlodszych - Chlopcy do lat 14"]
[Site "ApartHotel Termy Uniejow, ul. Termalna 1, 99-210 Uniejow"]
[Date "1899-12-30"]
[Round "4.6"]
[White "Krawczyk, Flawian"]
[Black "Wydmanski, Szymon"]
[Result "1-0"]
[WhiteTitle "I++"]
[BlackTitle "I"]
[WhiteElo "1984"]
[BlackElo "1697"]

1. e4 c5 2. Nf3 d6 3. Bb5+ Nd7 4. Ba4 Ngf6 5. O-O a6 6. c4 g6 7. Nc3 Bg7 8. h3
O-O 9. d3 Ne5 10. Nxe5 dxe5 11. Be3 b6 12. Rb1 Qd6 13. Qd2 Nh5 14. b4 Nf4 15.
bxc5 bxc5 16. Nd5 e6 17. Nxf4 exf4 18. Bxf4 e5 19. Be3 Be6 20. Rb7 Rfd8 21. Qa5
Rac8 22. Rfb1 h6 23. Ra7 Rb8 24. Rd1 Rbc8 25. Rxa6 Qe7 26. Ra7 Qh4 27. Bxc5 Bxh3
28. gxh3 Qxh3 29. Be3 f5 30. Rxg7+ Kxg7 31. Qxe5+ Kh7 32. Rb1 Qg4+ 33. Kf1 Qh3+
34. Ke2 Qg4+ 35. Kd2 Rxd3+ 36. Kxd3 Rd8+ 37. Kc3 1-0

[Event "XXVII OOM - Mistrzostwa Polski Juniorow Mlodszych - Chlopcy do lat 14"]
[Site "ApartHotel Termy Uniejow, ul. Termalna 1, 99-210 Uniejow"]
[Date "1899-12-30"]
[Round "4.7"]
[White "Grzadka, Artur"]
[Black "Janeczko, Jakub"]
[Result "0-1"]
[WhiteTitle "I"]
[BlackTitle "I++"]
[WhiteElo "1536"]
[BlackElo "1976"]

1. e4 c5 2. Nf3 Nc6 3. d4 cxd4 4. Nxd4 e5 5. Nb5 d6 6. c4 a6 7. N5a3 g6 8. Nc3
Bg7 9. Nc2 Nge7 10. Bd3 O-O 11. O-O f5 12. f4 Be6 13. Nd5 fxe4 14. Bxe4 Nf5 15.
Rb1 Rc8 16. b3 b5 17. cxb5 axb5 18. Qd3 Bd7 19. Ba3 exf4 20. Nxf4 Be5 21. Bd5+
Kh8 22. g3 Nce7 23. Bg2 Rc3 24. Qd2 Qb6+ 25. Kh1 Rxg3 26. Nd3 Rxg2 27. Qxg2 Bc6
28. Rf3 Nh4 29. Rxf8+ Kg7 30. Bc5 Bxg2+ 31. Kg1 dxc5 32. Nxe5 Nef5 33. Rf7+ Kg8
34. Rf8+ Kg7 35. Rf7+ Kh6 36. Rf6 Qa7 0-1

[Event "XXVII OOM - Mistrzostwa Polski Juniorow Mlodszych - Chlopcy do lat 14"]
[Site "ApartHotel Termy Uniejow, ul. Termalna 1, 99-210 Uniejow"]
[Date "1899-12-30"]
[Round "4.8"]
[White "Gbiorczyk, Mikolaj"]
[Black "Herwy, Jakub"]
[Result "0-1"]
[WhiteTitle "II"]
[BlackTitle "I+"]
[WhiteElo "1467"]
[BlackElo "1916"]

1. e4 c5 2. c3 Nf6 3. e5 Nd5 4. d4 cxd4 5. Nf3 Nc6 6. Bc4 Nb6 7. Bb3 d6 8. exd6
Qxd6 9. Na3 a6 10. O-O dxc3 11. Qe2 e6 12. Rd1 Qc7 13. Be3 Be7 14. Rac1 O-O 15.
Rxc3 Rd8 16. Rcd3 Rxd3 17. Qxd3 Nb4 18. Bxb6 Qxb6 19. Qe4 Qc7 20. Ne5 Nc6 21.
Nac4 Nxe5 22. Nxe5 Rb8 23. Bc2 f5 24. Qe2 Bf6 25. f4 b5 26. Bb3 Rb6 27. Qd3 g6
28. h3 Kg7 29. Qe3 Bxe5 30. fxe5 h6 31. Qd4 Rc6 32. Kh2 a5 33. a3 a4 34. Ba2 Rc5
35. Qd6 Qxd6 36. exd6 Bd7 37. Bxe6 Bxe6 38. d7 Bxd7 39. Rxd7+ Kf6 40. Rd4 Re5
41. Rb4 g5 42. Kg1 h5 43. Kf2 h4 44. Kf1 Ke6 45. b3 axb3 46. Rxb3 Kf6 47. Rb4
Kg6 48. a4 bxa4 49. Rxa4 Re4 50. Ra6+ Kh5 51. Ra3 g4 52. hxg4+ fxg4 53. Ra5+ Kg6
54. Kf2 Rf4+ 55. Kg1 g3 56. Ra1 Rd4 57. Rb1 Kf5 58. Kf1 Rf4+ 59. Kg1 Rc4 60. Kf1
Kf4 61. Ra1 Rd4 62. Re1 Ra4 63. Kg1 Ra2 64. Kh1 Ra3 65. Rf1+ Ke4 66. Kg1 Ra2 67.
Re1+ Kd3 68. Kf1 Rf2+ 69. Kg1 Rf4 70. Ra1 Rc4 71. Rd1+ Ke3 72. Kf1 Kf4 73. Re1
Rc2 74. Kg1 Kg4 75. Re4+ Kf5 76. Re1 Rd2 77. Kh1 Kg5 78. Kg1 Rc2 79. Kh1 Kf4 80.
Kg1 Rd2 81. Kh1 Kg5 82. Kg1 Rd3 83. Rf1 Rd2 84. Re1 Ra2 85. Rf1 Ra4 86. Kh1 Re4
87. Kg1 Re2 88. Ra1 Rf2 89. Ra5+ Kg4 90. Ra4+ Rf4 91. Ra3 Rb4 92. Ra1 Kf4 93.
Kf1 Rc4 94. Rb1 Rc5 95. Ra1 Kg5 96. Rb1 Rf5+ 97. Kg1 Rf4 98. Rb5+ Kg4 99. Rb3
Ra4 100. Rb1 Rd4 101. Rf1 Kg5 102. Kh1 Rb4 103. Kg1 Rb2 104. Kh1 h3 105. Rg1 Kh4
106. gxh3 Rh2# 0-1

[Event "XXVII OOM - Mistrzostwa Polski Juniorow Mlodszych - Chlopcy do lat 14"]
[Site "ApartHotel Termy Uniejow, ul. Termalna 1, 99-210 Uniejow"]
[Date "1899-12-30"]
[Round "4.9"]
[White "Zalega, Maciej"]
[Black "Demski, Michal"]
[Result "1/2-1/2"]
[WhiteTitle "I"]
[BlackTitle "I+"]
[WhiteElo "1841"]
[BlackElo "1768"]

1. e4 e5 2. Nf3 Nc6 3. Bb5 a6 4. Ba4 d6 5. O-O Bd7 6. c3 g6 7. Re1 Bg7 8. d4 h6
9. dxe5 dxe5 10. Be3 Nge7 11. Qd2 Bg4 12. Bc5 Qxd2 13. Nbxd2 O-O-O 14. Bb3 f6
15. h3 Bd7 16. Nf1 g5 17. Ne3 Ng6 18. Rad1 Bf8 19. Bxf8 Rhxf8 20. Rd2 Na5 21.
Bc2 Be6 22. b3 Rxd2 23. Nxd2 Nf4 24. Ndf1 Nc6 25. Ng3 Ne7 26. Kf1 h5 27. Ne2 Neg6
28. Nf5 Rd8 29. Nxf4 Nxf4 30. Rd1 Rxd1+ 31. Bxd1 Bxf5 32. exf5 1/2-1/2

[Event "XXVII OOM - Mistrzostwa Polski Juniorow Mlodszych - Chlopcy do lat 14"]
[Site "ApartHotel Termy Uniejow, ul. Termalna 1, 99-210 Uniejow"]
[Date "1899-12-30"]
[Round "4.10"]
[White "Krasniewski, Maciej"]
[Black "Kazmierowski, Tymon"]
[Result "1/2-1/2"]
[WhiteTitle "I"]
[BlackTitle "I+"]
[WhiteElo "1572"]
[BlackElo "1782"]

1. d4 Nf6 2. c4 e6 3. Nf3 b6 4. g3 Bb7 5. Bg2 Be7 6. Nc3 O-O 7. O-O Ne4 8. Nxe4
Bxe4 9. Ne1 Bxg2 10. Nxg2 d6 11. Qc2 Nd7 12. Rd1 c6 13. Nf4 Qc7 14. e4 e5 15.
Ne2 Rad8 16. Be3 Bf6 17. Rac1 Rfe8 18. c5 dxc5 19. dxc5 b5 20. b4 Nf8 21. Rd6
Ne6 22. Rcd1 Be7 23. Rxd8 Rxd8 24. Rxd8+ Qxd8 25. Qd2 Qxd2 26. Bxd2 Bg5 27. f4
Bf6 28. Kf2 exf4 29. gxf4 Nd4 30. Nxd4 Bxd4+ 31. Ke2 Kf8 32. Kd3 Bg1 33. h3 Ke7
34. Bc3 g6 35. f5 Bf2 36. Ke2 Bh4 37. Kf3 gxf5 1/2-1/2

[Event "XXVII OOM - Mistrzostwa Polski Juniorow Mlodszych - Chlopcy do lat 14"]
[Site "ApartHotel Termy Uniejow, ul. Termalna 1, 99-210 Uniejow"]
[Date "1899-12-30"]
[Round "4.11"]
[White "Paszkowski, Krystian"]
[Black "Kusiak, Mateusz"]
[Result "1-0"]
[WhiteTitle "I+"]
[BlackTitle "I+"]
[WhiteElo "1782"]
[BlackElo "1634"]

1. d4 Nf6 2. c4 c5 3. d5 b5 4. Nf3 g6 5. Qc2 b4 6. b3 Bg7 7. Bb2 d6 8. Nbd2 O-O
9. e4 a5 10. g3 a4 11. bxa4 Bd7 12. Bg2 Bxa4 13. Qc1 Nbd7 14. O-O Bh6 15. Qe1
Bg7 16. Qe2 Qc7 17. h3 Nb6 18. Nb3 Nfd7 19. Bxg7 Kxg7 20. Rae1 Bxb3 21. axb3 f6
22. Qb2 Ne5 23. Nxe5 dxe5 24. f4 Nd7 25. h4 h6 26. Bh3 Rfd8 27. Re3 Nb6 28. Ref3
Rf8 29. Be6 exf4 30. gxf4 Kh7 31. Qg2 Rg8 32. Bxg8+ Rxg8 33. Kh1 Nd7 34. Rg3 Qd6
35. e5 fxe5 36. f5 Nf8 37. Rg1 h5 38. Rg5 Qf6 39. Rxh5+ gxh5 40. Qxg8+ Kh6 41.
Qg5+ 1-0

[Event "XXVII OOM - Mistrzostwa Polski Juniorow Mlodszych - Chlopcy do lat 14"]
[Site "ApartHotel Termy Uniejow, ul. Termalna 1, 99-210 Uniejow"]
[Date "1899-12-30"]
[Round "4.12"]
[White "Klim, Filip"]
[Black "Kutowski, Marcel"]
[Result "0-1"]
[WhiteTitle "I++"]
[BlackTitle "I"]
[WhiteElo "2062"]
[BlackElo "1712"]

1. e4 c5 2. Nf3 d6 3. d4 cxd4 4. Nxd4 Nf6 5. Nc3 a6 6. a4 e5 7. Nf3 h6 8. Bc4 Be6
9. Bb3 Be7 10. O-O O-O 11. Qe2 Nc6 12. Nd5 Rc8 13. Be3 Bxd5 14. exd5 Na5 15. Ba2
Qc7 16. c4 b6 17. Rac1 Ng4 18. Bd2 Nb7 19. h3 Nf6 20. Nh4 Rfe8 21. Nf5 Qd7 22.
Qf3 e4 23. Nxe7+ Qxe7 24. Qg3 Nh5 25. Qg4 Nf6 26. Qg3 Nh5 27. Qg4 Nf6 28. Qe2
Nc5 29. b3 Nd3 30. Rc3 Qe5 31. Bb1 Nc5 32. Re1 Re7 33. Bc2 a5 34. Re3 Rce8 35.
Bc3 Qg5 36. Rg3 Qf5 37. Qd2 Nh5 38. Qd4 Qh7 39. Rge3 f5 40. f3 Qg6 41. fxe4 fxe4
42. Kh2 Qg5 43. Qd2 Rf8 44. R3e2 Qg3+ 45. Kh1 Ref7 46. Rg1 Qh4 47. Qe1 Ng3+ 48.
Kh2 Rf1 49. Rxf1 Rxf1 50. Qxg3 Rh1+ 51. Kxh1 Qxg3 52. Bd4 Qf4 53. Kg1 Qc1+ 54.
Kh2 Qf1 55. Rf2 Qe1 56. g3 e3 57. Rg2 Qc1 58. Bxc5 bxc5 59. Bd3 Qd1 60. Bc2 Qf1
61. Rg1 e2 62. Bd3 Qxg1+ 0-1